|
|
|
|
| LEADER |
00000nam0a2200000 4500 |
| 001 |
265544 |
| 005 |
20231101233929.0 |
| 035 |
|
|
|a (RuTPU)RU\TPU\book\288545
|
| 090 |
|
|
|a 265544
|
| 100 |
|
|
|a 20140626d1985 km y0rusy50 ca
|
| 101 |
0 |
|
|a rus
|
| 102 |
|
|
|a RU
|
| 105 |
|
|
|a y z 001zy
|
| 200 |
1 |
|
|a Оптимизация и моделирование в САПР
|e сборник статей
|f Горьковский государственный университет им. Н. И. Лобачевского (ГГУ)
|
| 210 |
|
|
|a Горький
|c Изд-во ГГУ
|d 1985
|
| 215 |
|
|
|a 158 с.
|
| 320 |
|
|
|a Библиография в конце статей
|
| 606 |
1 |
|
|a САПР система автоматизированного проектирования
|2 stltpush
|3 (RuTPU)RU\TPU\subj\53841
|9 72006
|
| 610 |
1 |
|
|a сложные механические системы
|
| 610 |
1 |
|
|a вычислительная техника
|
| 610 |
1 |
|
|a исследование
|
| 610 |
1 |
|
|a символьные преобразования
|
| 610 |
1 |
|
|a использование
|
| 610 |
1 |
|
|a разностные схемы
|
| 675 |
|
|
|a 658.512.2.011.56
|v 3
|
| 712 |
0 |
2 |
|a Горьковский государственный университет им. Н. И. Лобачевского (ГГУ)
|2 stltpush
|3 (RuTPU)RU\TPU\col\2603
|
| 801 |
|
1 |
|a RU
|b 63413507
|c 20140626
|
| 801 |
|
2 |
|a RU
|b 63413507
|c 20150717
|g RCR
|
| 942 |
|
|
|c BK
|